Central Library OPAC University of Rajshahi
Normal view MARC view

Entry Personal Name

Number of records used in: 2

001 - CONTROL NUMBER

  • control field: 16933

003 - CONTROL NUMBER IDENTIFIER

  • control field: BD-RjUL

005 - DATE AND TIME OF LATEST TRANSACTION

  • control field: 20250918104741.0

008 - FIXED-LENGTH DATA ELEMENTS

  • fixed length control field: 250918|| aca||aabn | a|a d

040 ## - CATALOGING SOURCE

  • Original cataloging agency: BD-RjUL
  • Transcribing agency: BD-RjUL

100 ## - HEADING--PERSONAL NAME

  • Personal name: اقبال
  • General subdivision: فکر و فلسفہ

670 ## - SOURCE DATA FOUND

  • Source citation: Work cat.: (BD-RjUL)85739: فاضل، سید محمد عبدالرشید ;; Fazil, Syed Mohammad Abdul Rasheed 16932, اقبال اور عشق رسالت مات ;; aqbal our ashq rasalt mat /